Contemporary theatre. (Record no. 76788)
[ view plain ]
| 000 -LEADER | |
|---|---|
| fixed length control field | 01221cam a2200289 a 4500 |
| 001 - CONTROL NUMBER | |
| control field | 76788 |
| 003 - CONTROL NUMBER IDENTIFIER | |
| rucl marc code | BD-RjUL |
| 005 - DATE AND TIME OF LATEST TRANSACTION | |
| control field | 20211209082903.0 |
| 008 - FIXED-LENGTH DATA ELEMENTS--GENERAL INFORMATION | |
| fixed length control field | 200120s1962 enk 00000 eng d |
| 035 ## - SYSTEM CONTROL NUMBER | |
| System control number | (BD-RjUL) |
| System control number | 1036663 |
| 040 ## - CATALOGING SOURCE | |
| Original cataloging agency | ANL |
| Language of cataloging | eng |
| Modifying agency | ANL |
| Transcribing agency | BD-RjUL |
| 041 ## - LANGUAGE CODE | |
| Language code of text/sound track or separate title | eng |
| 082 0# - DEWEY DECIMAL CLASSIFICATION NUMBER | |
| Classification number | 822.009 |
| Edition number | 22 |
| Author mark and year | CON 1962 1968 |
| 245 00 - TITLE STATEMENT | |
| Title | Contemporary theatre. |
| 260 ## - PUBLICATION, DISTRIBUTION, ETC. (IMPRINT) | |
| Place of publication, distribution, etc. | London : |
| Name of publisher, distributor, etc. | Edward Arnold, |
| Date of publication, distribution, etc. | 1962.1968 |
| 300 ## - PHYSICAL DESCRIPTION | |
| Pagination | 208 p. ; |
| Size | 23 cm. |
| 490 1# - SERIES STATEMENT | |
| Series statement | Stratford-upon-Avon studies ; |
| Volume/sequential designation | 4 |
| 504 ## - BIBLIOGRAPHY, ETC. NOTE | |
| Bibliography, etc | Includes bibliographies. |
| 505 0# - FORMATTED CONTENTS NOTE | |
| Formatted contents note | Contents.-- Two Romantics: Arnold Wesker and Harold Pinter, by C. Leech. -- Realism and parables: from Brecht to Arden, by G. W. Brandt. -- George Bernard Shaw, by A. R. Jones. -- Somewhat in a new dimension, by A. Nicoli. -- Verse and prose, by K. Muir. -- Back to the text, by R. D. Smith. -- Dipsychus among the shadows, by H. A. Smith. -- The Irish theatre. -- retrospect and premonition, by J. Jordan. -- Television drama, by J. L. Styan. |
| 650 #0 - SUBJECT ADDED ENTRY--TOPICAL TERM | |
| Topical term or geographic name as entry element | English drama |
| Chronological subdivision | 20th century. |
| 9 (RLIN) | 237912 |
| 830 #0 - SERIES ADDED ENTRY--UNIFORM TITLE | |
| Uniform title | Stratford-upon-Avon studies ; |
| Volume number/sequential designation | 4. |
| 942 ## - ADDED ENTRY ELEMENTS (KOHA) | |
| Source of classification or shelving scheme | Dewey Decimal Classification |
| Koha item type | Books |
| Lost status | Source of classification or shelving scheme | Damaged status | Not for loan | Collection code | Permanent Location | Current Location | Shelving location | Date acquired | Source of acquisition | Cost, normal purchase price | Total Checkouts | Full call number | Date last seen | Copy number | Koha item type |
|---|---|---|---|---|---|---|---|---|---|---|---|---|---|---|---|
| Dewey Decimal Classification | Non-fiction | Central Library, University of Rajshahi | Central Library, University of Rajshahi | 11/04/1964 | zaitlinger | 25.00 | 822.009 CON 1962 | 20/01/2020 | C-1 | Books | |||||
| Dewey Decimal Classification | Non-fiction | Central Library, University of Rajshahi | Central Library, University of Rajshahi | 11/04/1964 | zaitlinger | 25.00 | 822.009 CON 1968 | 20/01/2020 | C-2 | Books | |||||
| Dewey Decimal Classification | Non-fiction | Central Library, University of Rajshahi | Central Library, University of Rajshahi | 11/04/1964 | zaitlinger | 25.00 | 822.009 CON 1962 | 20/01/2020 | C-3 | Books |